| 000 -LEADER |
| fixed length control field |
01953cam a22003734a 4500 |
| 001 - CONTROL NUMBER |
| control field |
13660885 |
| 003 - CONTROL NUMBER IDENTIFIER |
| control field |
NUST - PNEC |
| 005 - DATE AND TIME OF LATEST TRANSACTION |
| control field |
20170116180850.0 |
| 008 - FIXED-LENGTH DATA ELEMENTS--GENERAL INFORMATION |
| fixed length control field |
040719s2004 enka 001 0 eng |
| 010 ## - LIBRARY OF CONGRESS CONTROL NUMBER |
| LC control number |
2004016911 |
| 020 ## - INTERNATIONAL STANDARD BOOK NUMBER |
| International Standard Book Number |
0470857722 (alk. paper) |
| 035 ## - SYSTEM CONTROL NUMBER |
| System control number |
(DNLM)101224752 |
| 040 ## - CATALOGING SOURCE |
| Original cataloging agency |
DNLM/DLC |
| Transcribing agency |
LIBRARY |
| Modifying agency |
DLC |
| 042 ## - AUTHENTICATION CODE |
| Authentication code |
pcc |
| 050 00 - LIBRARY OF CONGRESS CALL NUMBER |
| Classification number |
QH324.2 |
| Item number |
.W47 2004 |
| 060 10 - NATIONAL LIBRARY OF MEDICINE CALL NUMBER |
| Classification number |
QU 26.5 |
| Item number |
W536b 2004 |
| 082 00 - DEWEY DECIMAL CLASSIFICATION NUMBER |
| Classification number |
572.80285 WES |
| 100 1# - MAIN ENTRY--PERSONAL NAME |
| Personal name |
Weston, Paul, |
| Titles and words associated with a name |
HGMP. |
| 245 10 - TITLE STATEMENT |
| Title |
Bioinformatics software engineering : |
| Remainder of title |
delivering effective applications / |
| Statement of responsibility, etc. |
Paul Weston. |
| 260 ## - PUBLICATION, DISTRIBUTION, ETC. |
| Place of publication, distribution, etc. |
Chichester, West Sussex, England ; |
| -- |
Hoboken, NJ : |
| Name of publisher, distributor, etc. |
John Wiley & Sons Ltd., |
| Date of publication, distribution, etc. |
c2004. |
| 300 ## - PHYSICAL DESCRIPTION |
| Extent |
x, 125 p. : |
| Other physical details |
ill. ; |
| Dimensions |
25 cm. |
| 500 ## - GENERAL NOTE |
| General note |
Includes index. |
| 505 0# - FORMATTED CONTENTS NOTE |
| Formatted contents note |
What you need to know -- What is software engineering? -- Project definition -- Requirements capture -- Separating function, interface, and implementation -- Implementation considerations -- Proof of concept, prototyping, and buy-in -- Data in, data out, and data transformation -- Where to start? -- Functional, then optimized -- Coding style -- Writing the friendly manual -- Testing - what and when -- Rollout and delivery -- Support and feedback -- Planned and unplanned enhancements -- Project signoff. |
| 650 #0 - SUBJECT ADDED ENTRY--TOPICAL TERM |
| Topical term or geographic name entry element |
Bioinformatics. |
| General subdivision |
ME, MIS |
| 650 #0 - SUBJECT ADDED ENTRY--TOPICAL TERM |
| Topical term or geographic name entry element |
Software engineering. |
| 650 12 - SUBJECT ADDED ENTRY--TOPICAL TERM |
| Topical term or geographic name entry element |
Computational Biology. |
| 650 22 - SUBJECT ADDED ENTRY--TOPICAL TERM |
| Topical term or geographic name entry element |
Software Design. |
| 856 41 - ELECTRONIC LOCATION AND ACCESS |
| Materials specified |
Table of contents only |
| Uniform Resource Identifier |
<a href="http://www.loc.gov/catdir/toc/ecip0420/2004016911.html">http://www.loc.gov/catdir/toc/ecip0420/2004016911.html</a> |
| 856 42 - ELECTRONIC LOCATION AND ACCESS |
| Materials specified |
Contributor biographical information |
| Uniform Resource Identifier |
<a href="http://www.loc.gov/catdir/enhancements/fy0616/2004016911-b.html">http://www.loc.gov/catdir/enhancements/fy0616/2004016911-b.html</a> |
| 856 42 - ELECTRONIC LOCATION AND ACCESS |
| Materials specified |
Publisher description |
| Uniform Resource Identifier |
<a href="http://www.loc.gov/catdir/enhancements/fy0616/2004016911-d.html">http://www.loc.gov/catdir/enhancements/fy0616/2004016911-d.html</a> |
| 906 ## - LOCAL DATA ELEMENT F, LDF (RLIN) |
| a |
7 |
| b |
cbc |
| c |
orignew |
| d |
1 |
| e |
ecip |
| f |
20 |
| g |
y-gencatlg |
| 942 ## - ADDED ENTRY ELEMENTS (KOHA) |
| Source of classification or shelving scheme |
|
| Koha item type |
Book |